[Event "DEN-ch M7 Gr3"]
[Site "Koge"]
[Date "2005.03.28"]
[Round "7"]
[White "Wiecker, Stefan"]
[Black "Nielsen, Morten Davidsen"]
[Result "1-0"]
[WhiteElo "1983"]
[BlackElo "1892"]
[PlyCount "61"]
[EventDate "2005.03.22"]
[EventType "tourn"]
[EventRounds "7"]
[EventCountry "DEN"]
[SourceTitle "EXT 2023"]
[Source "ChessBase"]
[SourceDate "2022.10.05"]
[SourceVersion "1"]
[SourceVersionDate "2022.10.05"]
[SourceQuality "1"]

1. e4 Nf6 2. e5 Nd5 3. d4 d6 4. Nf3 Bg4 5. Be2 c6 6. Ng5 Bxe2 7. Qxe2 h6 8. Ne4 e6 9. 0-0 Nb6 10. exd6 Bxd6 11. Qg4 Rh7 12. Rd1 Qc7 13. Nxd6+ Qxd6 14. Bf4 Qb4 15. Nc3 Nd5 16. Ne4 Nxf4 17. Qxf4 Kf8 18. Nc5 g5 19. Qf6 Kg8 20. Qd8+ Kg7 21. Rd3 Rh8 22. Qd6 Qxb2 23. Rf1 Na6 24. Nxe6+ fxe6 25. Qe7+ Kg6 26. Qxe6+ Kg7 27. Qe7+ Kg6 28. h4 Rae8 29. h5+ Kxh5 30. Qf7+ Kg4 31. Qf3+ 1-0

[Event "DEN-ch M7 Gr3"]
[Site "Koge"]
[Date "2005.03.27"]
[Round "6"]
[White "Nielsen, Morten Davidsen"]
[Black "Larsen, Erling"]
[Result "0-1"]
[WhiteElo "1892"]
[BlackElo "1986"]
[PlyCount "64"]
[EventDate "2005.03.22"]
[EventType "tourn"]
[EventRounds "7"]
[EventCountry "DEN"]
[SourceTitle "EXT 2023"]
[Source "ChessBase"]
[SourceDate "2022.10.05"]
[SourceVersion "1"]
[SourceVersionDate "2022.10.05"]
[SourceQuality "1"]

1. e4 c6 2. c4 d5 3. exd5 cxd5 4. cxd5 Nf6 5. Bb5+ Nbd7 6. Qb3 g6 7. Nf3 Bg7 8. Nc3 0-0 9. d4 Nb6 10. Bc4 Bf5 11. Ne5 Rc8 12. Bg5 Ne8 13. Bd3 Nd6 14. Bxf5 Nxf5 15. Be3 Qd6 16. 0-0 Rfd8 17. Rfe1 Nxd5 18. Rac1 Nfxe3 19. fxe3 Bxe5 20. dxe5 Qxe5 21. Nxd5 Rxc1 22. Nxe7+ Qxe7 23. Rxc1 Qe4 24. Qc3 Rd3 25. Qc5 Rxe3 26. Rf1 Re2 27. Qa5 Qd4+ 28. Kh1 Rxb2 29. Re1 Qf2 30. Re8+ Kg7 31. Qe5+ Kh6 32. h3 Qxg2# 0-1

[Event "Roskilde Dome-ch"]
[Site "Roskilde"]
[Date "2000.10.29"]
[Round "5"]
[White "Nielsen, Morten Davidsen"]
[Black "Sinkbaek, Aage"]
[Result "0-1"]
[WhiteElo "1976"]
[BlackElo "2148"]
[PlyCount "120"]
[EventDate "2000.10.27"]
[EventType "tourn"]
[EventRounds "5"]
[EventCountry "DEN"]
[SourceTitle "EXT 2023"]
[Source "ChessBase"]
[SourceDate "2022.10.05"]
[SourceVersion "1"]
[SourceVersionDate "2022.10.05"]
[SourceQuality "1"]

1. e4 d6 2. d4 Nf6 3. Nc3 g6 4. Be2 Bg7 5. g4 c6 6. g5 Nfd7 7. a4 e5 8. d5 c5 9. h4 a6 10. h5 Qe7 11. Qd3 gxh5 12. Bxh5 Nf8 13. Nge2 Ng6 14. Ng3 Nf4 15. Qf3 Qxg5 16. Nce2 Bh6 17. Nxf4 exf4 18. Ne2 Qf6 19. Rg1 Nd7 20. Nxf4 Ne5 21. Qg3 Bd7 22. Ne2 Bxc1 23. Nxc1 0-0-0 24. Ne2 Kc7 25. Qg5 Nf3+ 26. Bxf3 Qxf3 27. Qg2 Qxg2 28. Rxg2 Rdg8 29. Rxg8 Rxg8 30. Ng3 f5 31. Kd2 fxe4 32. Nxe4 Rg2 33. Ke3 Rg7 34. a5 Bf5 35. Rh1 Re7 36. f3 b6 37. axb6+ Kxb6 38. Kf4 Bxe4 39. fxe4 c4 40. Rh6 Kc5 41. c3 Rf7+ 42. Ke3 Rb7 43. Rh2 a5 44. Kf4 a4 45. Kf5 Rf7+ 46. Ke6 Rg7 47. Rf2 h5 48. Rf5 h4 49. e5 dxe5 50. Rxe5 Rg6+ 51. Kf5 Rd6 52. Ke4 Rh6 53. Rf5 h3 54. Rf1 Rh4+ 55. Ke5 Rh5+ 56. Kf4 Rxd5 57. Rh1 Rd3 58. Kg4 a3 59. bxa3 Rxc3 60. a4 Kb4 0-1